| 000 | 01151nam a22002657a 4500 | ||
|---|---|---|---|
| 003 | OSt | ||
| 005 | 20251006173833.0 | ||
| 008 | 240405b ||||| |||| 00| 0 eng d | ||
| 040 | _c0 | ||
| 082 | _aDPer 621.381 Ie21 October 2022 v. 37 n. 10 | ||
| 100 |
_aSun, Zhenyu. _eauthor. _956254 |
||
| 245 |
_aAn online data-driven fault diagnosis and thermal runaway early warning for electric vehicle batteries / _cZhenyu Sun, Zhenpo Wang, Peng Liu, Zian Qin, Yong Chen, Yang Han, Peng Wang, and Pavol Bauer. |
||
| 260 |
_aNew York ; _bThe Institute of Electrical and Electronics Engineers, Inc. , _cOctober 2022. |
||
| 300 |
_aVolume 37, pages 12636-12646 : _billustration ; _c28 cm. |
||
| 500 | _aIEEE Transactions on Power Electronics, v. 37, n. 10, pages 12636-12646, October 2022. | ||
| 700 |
_aSun, Zhenyu. _eauthor. _956254 |
||
| 700 |
_aWang, Zhenpo. _eauthor. _956255 |
||
| 700 |
_aLiu, Peng. _eauthor. _956256 |
||
| 700 |
_aQin, Zian. _eauthor. _956257 |
||
| 700 |
_aChen, Yong. _eauthor. _956258 |
||
| 700 |
_aHan, Yang. _eauthor. _956259 |
||
| 700 |
_aWang, Peng. _eauthor. _956260 |
||
| 700 |
_aBauer, Pavol. _eauthor. _956261 |
||
| 942 |
_2ddc _cPER |
||
| 999 |
_c20066 _d20066 |
||